Test your Dutch! - Statistics

General Stats
  • This quiz has been taken 213 times
    198 since last reset
  • The average score is 11 of 14
Answer Stats
Hint Answer % Correct
Pannenkoek Pancakes
96%
Kaas Cheese
93%
Tulp Tulip
90%
Fiets Bike
86%
Strand Beach
85%
Regen Rain
84%
Koningin Queen
83%
Molen Windmills
83%
Pindakaas Peanut butter
77%
Klompen Clogs
63%
Haring Herring
60%
Hagelslag Chocolate sprinkles
59%
Drop Candy
48%
Grachten Canals
46%
No matching quizzes found
Score Distribution
Percent of People with Each Score
Percentile by Number Answered
Your Score History
You have not taken this quiz since the last reset